Statistics for people who (think they) hate statistics. (5th ed.) (Record no. 76806)
[ view plain ]
| 000 -LEADER | |
|---|---|
| fixed length control field | 01000nam a2200205 a 4500 |
| 008 - FIXED-LENGTH DATA ELEMENTS--GENERAL INFORMATION | |
| fixed length control field | 161026s2014 ||||||||||||||||| || u |
| 020 ## - INTERNATIONAL STANDARD BOOK NUMBER | |
| International Standard Book Number | 9781452277714 |
| 050 ## - LIBRARY OF CONGRESS CALL NUMBER | |
| Classification number | HA 29 Sal |
| 100 ## - MAIN ENTRY--PERSONAL NAME | |
| Personal name | Salkind, Neil J |
| 245 10 - TITLE STATEMENT | |
| Title | Statistics for people who (think they) hate statistics. (5th ed.) |
| Statement of responsibility, etc. | By Neil J. Salkind |
| 250 ## - EDITION STATEMENT | |
| Edition statement | 5th ed. |
| 260 ## - PUBLICATION, DISTRIBUTION, ETC. | |
| Place of publication, distribution, etc. | California: |
| Name of publisher, distributor, etc. | SAGE Publications |
| Date of publication, distribution, etc. | 2014 |
| 300 ## - PHYSICAL DESCRIPTION | |
| Extent | xxvii, 483p.: ill. |
| 350 ## - | |
| -- | 38.54 |
| 650 #7 - SUBJECT ADDED ENTRY--TOPICAL TERM | |
| Topical term or geographic name entry element | STATISTICS |
| Source of heading or term | fast |
| 650 ## - SUBJECT ADDED ENTRY--TOPICAL TERM | |
| Topical term or geographic name entry element | STATISTICAL ANALYSIS |
| 995 ## - | |
| -- | MAIN LIBRARY OPEN ACCESS |
| -- | 747077 |
| -- | CBU-MAIN LIBRARY (Kitwe) |
| -- | 89.00 |
| -- | HA 29 Sal |
| -- | 1 |
| -- | AVAILABLE |
| -- | Oct 27, 2016 |
| -- | 747077 |
| -- | Main Library Open Access Collection |
| 995 ## - | |
| -- | MAIN LIBRARY OPEN ACCESS |
| -- | 748426 |
| -- | CBU-MAIN LIBRARY (Kitwe) |
| -- | 38.54 |
| -- | HA 29 Sal |
| -- | 5 |
| -- | AVAILABLE |
| -- | Aug 30, 2018 |
| -- | 748426 |
| -- | Main Library Open Access Collection |
| 995 ## - | |
| -- | MAIN LIBRARY OPEN ACCESS |
| -- | 748427 |
| -- | CBU-MAIN LIBRARY (Kitwe) |
| -- | 38.54 |
| -- | HA 29 Sal |
| -- | 6 |
| -- | AVAILABLE |
| -- | Aug 30, 2018 |
| -- | 748427 |
| -- | Main Library Open Access Collection |
| 999 ## - | |
| -- | 76806 |
| -- | 76806 |
| Withdrawn status | Lost status | Source of classification or shelving scheme | Damaged status | Not for loan | Permanent Location | Current Location | Shelving location | Date acquired | Total Checkouts | Full call number | Barcode | Date last seen | Date last checked out | Copy number | Price effective from | Koha item type |
|---|---|---|---|---|---|---|---|---|---|---|---|---|---|---|---|---|
| CBU-MAIN LIBRARY, KITWE. | CBU-MAIN LIBRARY, KITWE. | 04/25/2023 | 2 | HA 29 Sal | 747077 | 09/14/2023 | 09/14/2023 | 1 | 04/25/2023 | MONOGRAPH | ||||||
| CBU-MAIN LIBRARY, KITWE. | CBU-MAIN LIBRARY, KITWE. | 04/25/2023 | HA 29 Sal | 748426 | 04/25/2023 | 2 | 04/25/2023 | MONOGRAPH | ||||||||
| CBU-MAIN LIBRARY, KITWE. | CBU-MAIN LIBRARY, KITWE. | 04/25/2023 | HA 29 Sal | 748427 | 04/25/2023 | 3 | 04/25/2023 | MONOGRAPH |